|
|
|
|
| LEADER |
00000nam a2200000 a 4500 |
| 001 |
UCS6735 |
| 003 |
CL-VaPUC |
| 008 |
971003e19960000SP |||||||||||||||||spa|d |
| 082 |
0 |
4 |
|a 220
|b ALO
|2 21
|
| 100 |
|
|
|a Alonso Schökel, Luis
|e autor
|9 591055
|
| 245 |
1 |
0 |
|a Biblia del Peregrino
|
| 300 |
|
|
|a v
|
| 942 |
|
|
|c BK
|
| 945 |
|
|
|d 19971003 00:00:00
|a aalvarez
|
| 260 |
|
|
|a Bilbao
|b Mensajero
|c 1996
|
| 650 |
|
0 |
|a Biblia
|9 257603
|
| 650 |
|
0 |
|a Antiguo testamento
|9 313678
|
| 650 |
|
0 |
|a Nuevo testamento
|9 257604
|
| 583 |
|
|
|a last modification
|c 19971003 00:00:00
|k Rodrigo Vera
|
| 999 |
|
|
|c 262321
|d 262319
|
| 952 |
|
|
|0 0
|1 0
|4 0
|6 220_000000000000000_ALO_1996
|7 0
|8 A
|9 290698
|a BIBTEO
|b BIBTEO
|d 2019-11-19
|h v.1
|i 3337200
|o 220 ALO 1996
|p 3337200
|r 2025-01-17
|w 2019-11-19
|y BK
|k ICR
|